000 00548nam a2200181Ia 4500
005 20250508151834.0
008 008 250505s9999 xx 000 0 eng d
037 _aTextual
040 _aFEDL
_beng
_cFEDL
041 _aeng
_2eng
084 _a422.8, MIL
_qFEDL
100 _aMillington-ward John
_9760126
245 0 _aUse of tenses in english: A new approach for intermediate students
260 _aLondon, UK
_bLongmans, Green and Co.
_c1954
300 _aix,158p.
942 _cTEXL
_h422.8, MIL
999 _c1332438
_d1332438